Statistiques concernant Equipes en ligue des champions depuis 2010

Cliquez ici pour prendre le quiz!

Statistiques générales

  • Ce quiz a été pris 236 fois
  • Le résultat moyen est 50 sur 96

Statistiques - réponses

PaysEquipes% Correct
AllemagneBayern Munich
97%
FranceOlympique Lyonnais
96%
FranceOlympique de Marseille
95%
AllemagneBorussia Dortmund
92%
AngleterreManchester City
92%
AngleterreLiverpool
91%
AngleterreManchester United
91%
FranceParis Saint Germain
91%
EspagneReal Madrid
91%
AngleterreArsenal
89%
AngleterreChelsea
89%
EspagneBarcelone
85%
FranceLille
85%
FranceMonaco
84%
AngleterreTottenham Hotspur
84%
EspagneAtletico Madrid
81%
EcosseCeltic Glasgow
80%
Pays BasAjax d'Amsterdam
79%
AllemagneBayer Leverkusen
79%
AllemagneRB Leipzig
79%
EspagneSeville
79%
ItalieAC Milan
78%
ItalieInter Milan
78%
FranceBordeaux
77%
AngleterreLeicester City
77%
PortugalPorto
77%
ItalieJuventus
75%
AllemagneSchalke 04
75%
Pays BasAZ Alkmaar
74%
FranceMontpellier
73%
BelgiqueAnderlecht
71%
PortugalBenfica
71%
EcosseRangers
69%
ItalieNapoli
68%
AutricheRed Bull Salzbourg
68%
Pays BasPSZ Eindhoven
67%
AllemagneWolfsburg
67%
CroatieDinamo Zagreb
66%
ItalieRoma
65%
EspagneVillareal
62%
TurquieGalatasaray
60%
ItalieAtalanta
58%
FranceAuxerre
57%
ChypreAPOEL
56%
AllemagneBorussia Monchengladbach
56%
EspagneValencia
55%
Pays BasFeyenoord
53%
RussieCSKA Moscow
52%
BelgiqueGenk
52%
RussieZenith Saint Petersbourg
50%
UkraineDynamo Kiev
49%
EspagneReal Sociedad
49%
TurquieBesiktas
48%
BelgiqueStandard Liege
46%
GreceAEK Athenes
45%
SuisseBale
45%
PortugalBraga
42%
SuisseBSC Young Boys
42%
ItalieFiorentina
41%
SuedeMalmo
41%
Allemagne1899 Hoffenheim
40%
BelgiqueClub Brugge
40%
Republique TchequeSlavia Prague
40%
GrecePanathinaikos
39%
EspagneMalaga
38%
AllemagneStuttgart
37%
RussieSpartak Moscow
36%
PologneLegia Warsaw
35%
SuisseZurich
32%
KazaghstanAstana
31%
AzerbaidjanQarabag
29%
BulgarieLudogorets Razgrad
27%
BielorussieBATE Borisov
25%
RoumanieCFR Cluj
25%
UkraineShakhtar Donestsk
25%
RoumanieSteaua Bucuresti
24%
Pays BasTwente
23%
IsraelMaccabi Haifa
22%
GreceOlympiacos
19%
BelgiqueGent
18%
SerbiePartizan
18%
TurquieTrabzonspor
18%
AllemagneWerder Bremen
17%
IsraelHapoel Tel Aviv
16%
Republique TchequeViktoria Plzen
16%
AutricheAustria Wien
14%
DanemarkCopenhagen
14%
SlovenieMaribor
13%
RussieRubin Kazan
13%
SerbieRed Star Belgrade
11%
HongrieDebrecen
8%
RussieRostov
8%
SlovaquieZilina
4%
TurquieBursaspor
3%
DanemarkNordsjaelland
3%
RoumanieUnirea Urziceni
1%

Distribution des résultats

Percentile par nombre de réponses

% des personnes avec chaque résultat

Votre développement - résultats

Vous n’avez pas pris ce quiz